000 00680nam a2200205Ia 4500
008 131103s9999 xx 000 0 und d
020 _aSBN 333900448
040 _aLoreto College
041 _aEnglish
082 _a551.4/THO
_bLCLIB/23,879
100 _aThomas , Michael
245 _aTropical geomorphology
_b a study of weathering and landform development in warm climates
_cMichael Thomas
260 _aLondon
_bMacMillan Press
_c1974
300 _axii , 332p
_b ill.43 figures
_c 23cm
504 _aInclude bibliographical references and index
650 _aGeomorphology
651 _aGeology - Geomorphology , Hydrosphere
850 _aLCLIB/551.4/THO
942 _cBK
999 _c292
_d50771